Central Library and Information Centre
Sibsagar Girls' College, Sivasagar : Assam

MICROBIOLOGY (Questions and Answers) (Record no. 20604)

MARC details
000 -LEADER
fixed length control field 00545cam a2200193ua 4500
008 - FIXED-LENGTH DATA ELEMENTS--GENERAL INFORMATION
fixed length control field 160112n2000 II |||gr||||Z||||||eng
040 ## - CATALOGING SOURCE
Original cataloging agency MAIN
041 ## - LANGUAGE CODE
-- English
082 ## - DEWEY DECIMAL CLASSIFICATION NUMBER
Classification number 579 KAU
100 ## - MAIN ENTRY--PERSONAL NAME
Personal name KAUSHIK, PUSHOTAM.
245 ## - TITLE STATEMENT
Title MICROBIOLOGY (Questions and Answers)
250 ## - EDITION STATEMENT
Edition statement 3RD.
260 ## - PUBLICATION, DISTRIBUTION, ETC.
Place of publication, distribution, etc. NEW DELHI
Name of publisher, distributor, etc. S.CHAND & COMPANY
Date of publication, distribution, etc. 2000
300 ## - PHYSICAL DESCRIPTION
Extent 276.:
Dimensions 20CM.
500 ## - GENERAL NOTE
General note MRP - MINOR RESEARCH PROJECT BOOK by Prof Nibedita Baruah, Botany,SGC 08-01-2015
942 ## - ADDED ENTRY ELEMENTS (KOHA)
Koha item type Books
653 ## - INDEX TERM--UNCONTROLLED
Uncontrolled term Microorganisms, fungi & algae
Holdings
Withdrawn status Lost status Damaged status Not for loan Collection code Home library Current library Shelving location Date acquired Full call number Barcode Date last seen Copy number Price effective from Koha item type Public note
        TBBOT Central Library and Information Centre Sibsagar Girls College Central Library and Information Centre Sibsagar Girls College MRP Almirah 08.01.2015 579 KAU 31475 27.02.2020 1 27.02.2020 Books V


Sibsagar Girl's College © 2020. All rights reserved.
Powered by Koha.
Maintained by Abhijit Borpuzari.